000 00442nam a2200181Ia 4500
005 20230711085920.0
008 131103s9999 xx 000 0 und d
020 _cRs.15
040 _aLoreto College
041 _aEnglish
082 _a573.2
_bBUE
100 _aBuettner - Ianusen John
245 _aOrigin of man
_cJohn Buettner - Ianusen
260 _aNew Delhi
_bWiley Eastern
_c1966
300 _axx
850 _aLCLIB
942 _cBK
999 _c1723
_d52202